| Tag |
First Indicator |
Second Indicator |
Subfields |
| LEADER |
00000cam a2200000 4500 |
| 001 |
in00000042505 |
| 005 |
20151007072744.0 |
| 008 |
800606s1914 nyua 00010 eng d |
| 035 |
|
|
|a (OCoLC)06396209
|
| 035 |
|
|
|9 AAE8494AM
|
| 040 |
|
|
|a TXA
|c TXA
|d UtOrBLW
|
| 049 |
|
|
|a TXAM
|c [5557]
|
| 090 |
|
|
|a QL703
|b .H67 1914
|
| 092 |
|
|
|a 591.973
|b H81
|
| 100 |
1 |
|
|a Hornaday, William T.
|q (William Temple),
|d 1854-1937.
|
| 245 |
1 |
4 |
|a The American natural history ;
|b a foundation of useful knowledge of the higher animals of North America /
|c by William T. Hornaday ... illustrated by 227 original drawings by Beard, Rungius, Sawyer, and others, 116 photographs, chiefly by Sanborn, Keller, and Underwood, and numerous charts and maps.
|
| 264 |
|
1 |
|a New York :
|b C. Scribner's sons,
|c 1914.
|
| 300 |
|
|
|a xxv, 449 pages :
|b frontispiece, illustrations ;
|c 25 cm.
|
| 336 |
|
|
|a text
|b txt
|2 rdacontent
|
| 337 |
|
|
|a unmediated
|b n
|2 rdamedia
|
| 338 |
|
|
|a volume
|b nc
|2 rdacarrier
|
| 650 |
|
0 |
|a Natural history
|z North America.
|
| 999 |
|
|
|a MARS
|
| 999 |
f |
f |
|s 408ace9a-0401-3249-b6a1-90e0707b079c
|i bdf3f6ec-d29f-35c4-b8d8-c72e7ddad974
|t 0
|
| 952 |
f |
f |
|p ric
|a Texas A&M University
|b Rellis Campus
|c Joint Library Facility
|d Remote Storage
|t 0
|e QL703 .H67 1914
|h Library of Congress classification
|i unmediated -- volume
|m A14801009787
|
| 998 |
f |
f |
|a QL703 .H67 1914
|t 0
|l Remote Storage
|